Australische Städte Karten-Quiz - Statistiken

Allgemein
  • Dieses Quiz wurde 8.487 mal gespielt
  • Das Durchschnittsergebnis liegt bei 7 aus 16
Antworten auf der Karte
Die Antworten werden auf der Karte rot bzw. grün angezeigt, abhängig davon wie oft sie richtig erraten wurden.
 
Antwortstatistiken
Antwort % Korrekt
Sydney
82%
Perth
71%
Canberra
68%
Melbourne
66%
Brisbane
55%
Alice Springs
54%
Adelaide
51%
Darwin
50%
Hobart
48%
Cairns
34%
Broome
23%
Kalgoorlie-Boulder
23%
Exmouth
20%
Mount Isa
19%
Rockhampton
18%
Mildura
16%
Keine übereinstimmenden Quizze gefunden
Verteilung der Resultate
Anzahl Personen mit jedem Resultat
Perzentil nach korrekt beantworteten Fragen
Ihre Resultats-Entwicklung
Sie haben dieses Quiz noch nicht gespielt